Normal view
MARC view
- Posner, Barry Z
Entry Personal Name
001 - CONTROL NUMBER
- control field: 107251
003 - CONTROL NUMBER IDENTIFIER
- control field: NUST
005 - DATE AND TIME OF LATEST TRANSACTION
- control field: 20230120130419.0
008 - FIXED-LENGTH DATA ELEMENTS
- fixed length control field: 230120|| aca||aabn | a|a d
040 ## - CATALOGING SOURCE
- Original cataloging agency: NUST
- Transcribing agency: NUST
100 ## - HEADING--PERSONAL NAME
- Personal name: Posner, Barry Z
670 ## - SOURCE DATA FOUND
- Source citation: Work cat.: (NUST)185924: Kouzes, James M., 107249, The leadership challenge :, 1987.
